Practical approach to crystallography and mineralogy

Պահպանված է:
Մատենագիտական մանրամասներ
Հիմնական հեղինակ: HOTA, Rabindra Nath
Ձևաչափ: Գիրք
Լեզու:անգլերեն
Հրապարակվել է: CBS Publishers, 2011.
Ցուցիչներ: Ավելացրեք ցուցիչ
Չկան պիտակներ, Եղեք առաջինը, ով նշում է այս գրառումը!

MARC

LEADER 00000nam a22000007a 4500
008 210528b ||||| |||| 00| 0 eng d
020 |a 978-1-81-239-1048-5 
100 |a HOTA, Rabindra Nath. 
245 |a Practical approach to crystallography and mineralogy  |c Rabindra Nath Hota  |g x, 202p.; ill 
260 |b CBS Publishers,  |c  2011.  |h New Delhi:   |i 691183   |i 691184  |l QD905 .H79  |m Crystallography.  |m Mineralogy. 
500 |a “It includes index”  
942 |a lcc  |c BK  |e Adeniran, F. A.  |f 28/05/2021 
952 |0 0  |1 0  |2 lcc  |4 0  |6 QD0905 H79  |7 0  |9 2469  |a HOL  |b SL  |c QZ  |d 2021-05-28  |l 0  |o QD905 .H79  |p 2021-6321  |r 2021-05-28 00:00:00  |w 2021-05-28  |y BK 
952 |0 0  |1 0  |2 lcc  |4 0  |6 QD0905 H79  |7 0  |9 2470  |a HOL  |b HOL  |c QZ  |d 2021-05-28  |l 0  |o QD905 .H79  |p 2021-6322  |r 2021-05-28 00:00:00  |w 2021-05-28  |y BK 
999 |c 1286  |d 1286